00671nam a2200241 a 4500001001300000003000900013005001700022008004100039020001000080082001500090100001500105245002800120260004200148300000900190500003500199505002200234650002300256700001500279902000800294942000700302952010500309999001500414nice12345678IN_TiNIC20260116011445.0050524s1907 phia grp 000 0 eng  ac10000a220.3bDAV aDavis, J D aDictionary of the Bible aPhiladelphiabWestminster Pressc1907 a802p aincludes index and biblioraphy2 aAppendix, Indices aBible-Dictionaries1 aDavis, J D bSRS cBK 001040708REFaHMIbHMIcREFd2008-05-13g100.00l0o220.3 DAVp1773r2008-05-13w2026-01-16yARB c1704d1704